MARC details
| 000 -LEADER |
| fixed length control field |
02497cam a22005414a 4500 |
| 001 - CONTROL NUMBER |
| control field |
14091991 |
| 003 - CONTROL NUMBER IDENTIFIER |
| control field |
EG-ScBUE |
| 005 - DATE AND TIME OF LATEST TRANSACTION |
| control field |
20201128024422.0 |
| 006 - FIXED-LENGTH DATA ELEMENTS--ADDITIONAL MATERIAL CHARACTERISTICS--GENERAL INFORMATION |
| fixed length control field |
m||||fq||h 00| 0 |
| 008 - FIXED-LENGTH DATA ELEMENTS--GENERAL INFORMATION |
| fixed length control field |
050830t2007 nyua f d 001 0 eng d |
| 020 ## - INTERNATIONAL STANDARD BOOK NUMBER |
| International Standard Book Number |
0073526096 (pbk. : alk. paper) |
| 020 ## - INTERNATIONAL STANDARD BOOK NUMBER |
| International Standard Book Number |
9780073526096 |
| 020 ## - INTERNATIONAL STANDARD BOOK NUMBER |
| International Standard Book Number |
9780073268699 |
| 020 ## - INTERNATIONAL STANDARD BOOK NUMBER |
| International Standard Book Number |
0073268890 |
| 020 ## - INTERNATIONAL STANDARD BOOK NUMBER |
| International Standard Book Number |
0073526118 (student cd) |
| 020 ## - INTERNATIONAL STANDARD BOOK NUMBER |
| International Standard Book Number |
9780073526119 (student cd) |
| 035 ## - SYSTEM CONTROL NUMBER |
| System control number |
(OCoLC)ocm61461927 |
| 040 ## - CATALOGING SOURCE |
| Original cataloging agency |
DLC |
| Language of cataloging |
eng |
| Description conventions |
rda |
| Transcribing agency |
DLC |
| Modifying agency |
YDX |
| -- |
BAKER |
| -- |
DLC |
| -- |
EG-ScBUE |
| 082 04 - DEWEY DECIMAL CLASSIFICATION NUMBER |
| Classification number |
070.43 |
| Item number |
TUG |
| Edition number |
22 |
| 100 1# - MAIN ENTRY--PERSONAL NAME |
| Personal name |
Tuggle, C. A., |
| Relator term |
author. |
| 245 10 - TITLE STATEMENT |
| Title |
Broadcast news handbook : |
| Remainder of title |
writing, reporting and producing in a converging media world / |
| Statement of responsibility, etc |
C. A. Tuggle, University of North Carolina at Chapel Hill, Forrest Carr, former news director, Suzanne Huffman, Texas Christian University. |
| 250 ## - EDITION STATEMENT |
| Edition statement |
Third edition. |
| 264 #1 - PUBLICATION, DISTRIBUTION, ETC. (IMPRINT) |
| Place of publication, distribution, etc |
New York, NY : |
| Name of publisher, distributor, etc |
McGraw-Hill, |
| Date of publication, distribution, etc |
[2007] |
| 264 #4 - PUBLICATION, DISTRIBUTION, ETC. (IMPRINT) |
| Date of publication, distribution, etc |
c2007 |
| 300 ## - PHYSICAL DESCRIPTION |
| Extent |
1 volume (various pagings) : |
| Other physical details |
illustrations ; |
| Dimensions |
23 cm + |
| Accompanying material |
1 CD |
| 336 ## - CONTENT TYPE |
| Source |
rdacontent |
| Content type term |
text |
| Content type code |
txt |
| 336 ## - CONTENT TYPE |
| Source |
rdacontent |
| Content type term |
sounds |
| Content type code |
snd |
| 337 ## - MEDIA TYPE |
| Source |
rdamedia |
| Media type term |
unmediated |
| Media type code |
n |
| 337 ## - MEDIA TYPE |
| Source |
rdamedia |
| Media type term |
audio |
| Media type code |
s |
| 338 ## - CARRIER TYPE |
| Source |
rdacarrier |
| Carrier type term |
volume |
| Carrier type code |
nc |
| 338 ## - CARRIER TYPE |
| Source |
rdacarrier |
| Carrier type term |
computer disc |
| Carrier type code |
cd |
| 500 ## - GENERAL NOTE |
| General note |
Includes glossary. |
| 500 ## - GENERAL NOTE |
| General note |
Includes index. |
| 500 ## - GENERAL NOTE |
| General note |
Includes appendices. |
| 520 ## - SUMMARY, ETC. |
| Summary, etc |
Enables students to become better writers and broadcast journalists. The authors provide helpful discussions on crafting language and becoming an effective storyteller. It also addresses topics such as: "Deadly Copy Sins and How to Avoid Them"; "Interviewing: Getting the Facts and the Feelings"; "Producing TV News"; and "Writing Sports." |
| 650 #7 - SUBJECT ADDED ENTRY--TOPICAL TERM |
| Topical term or geographic name as entry element |
Television broadcasting of news. |
| Source of heading or term |
BUEsh |
| 653 ## - INDEX TERM--UNCONTROLLED |
| Resource For college |
BAEPS, Political Science |
| Arrived date list |
February2020 |
| 655 ## - INDEX TERM--GENRE/FORM |
| Form subdivision |
Reading book |
| 9 (RLIN) |
34232 |
| 700 1# - ADDED ENTRY--PERSONAL NAME |
| Personal name |
Carr, Forrest, |
| Relator term |
author. |
| 700 1# - ADDED ENTRY--PERSONAL NAME |
| Personal name |
Huffman, Suzanne, |
| Relator term |
author. |
| 9 (RLIN) |
886 |
| 856 42 - ELECTRONIC LOCATION AND ACCESS |
| Materials specified |
Publisher description |
| Uniform Resource Identifier |
<a href="http://www.loc.gov/catdir/enhancements/fy0634/2005054035-d.html">http://www.loc.gov/catdir/enhancements/fy0634/2005054035-d.html</a> |
| 856 41 - ELECTRONIC LOCATION AND ACCESS |
| Materials specified |
Table of contents only |
| Uniform Resource Identifier |
<a href="http://www.loc.gov/catdir/enhancements/fy0634/2005054035-t.html">http://www.loc.gov/catdir/enhancements/fy0634/2005054035-t.html</a> |
| 856 42 - ELECTRONIC LOCATION AND ACCESS |
| Materials specified |
Contributor biographical information |
| Uniform Resource Identifier |
<a href="http://www.loc.gov/catdir/enhancements/fy0737/2005054035-b.html">http://www.loc.gov/catdir/enhancements/fy0737/2005054035-b.html</a> |
| 906 ## - LOCAL DATA ELEMENT F, LDF (RLIN) |
| a |
7 |
| b |
cbc |
| c |
orignew |
| d |
1 |
| e |
ocip |
| f |
20 |
| g |
y-gencatlg |
| 942 ## - ADDED ENTRY ELEMENTS (KOHA) |
| Source of classification or shelving scheme |
Dewey Decimal Classification |
| Koha item type |
Book - Borrowing |